| 000 | 00685nam a22002177a 4500 | ||
|---|---|---|---|
| 999 |
_c448 _d448 |
||
| 003 | AR-CdUCM | ||
| 008 | 190223b ||||| |||| 00| 0 spa d | ||
| 040 |
_aMUNICIPALIDAD PROVINCIAL DEL CUSCO _cBIBLIOTECA MUNICIPAL DEL CUSCO |
||
| 082 |
_a376.3 / _bN99 |
||
| 100 |
_aNyssens, Paul _91762 |
||
| 245 | _aEducación de la memoria / | ||
| 260 |
_aChile : _bEmpresa editora zig - zag, S.A, _c1940. |
||
| 300 |
_a86 páginas ; _c18 cm. |
||
| 505 | _aEducación de la memoria -- Negocios. | ||
| 650 |
_aEducación. _9460 |
||
| 650 |
_aMemoria. _91763 |
||
| 650 |
_aInteligencia. _91764 |
||
| 700 |
_aMorvan, Henriette (traductor) _91765 |
||
| 942 |
_2ddc _cLIBROS |
||
| 945 |
_amvr _d2019-02-23 |
||